000 00423nam a2200181Ia 4500
001 1245
005 20260306140618.0
008 260306t1998||||xx |||||||||||||| ||spa||
041 _aESP
082 _a189.4
_bT69A
100 _aTomás de Aquino, Santo
_eAUT
245 0 _aSuma contra los gentiles
260 _c1998
300 _a732 páginas :
_c21 cm.
650 _aGEN
654 _aCHU
942 _cLIB
_dJUS
_fJUS
_2ddc
_n
999 _c1245
_d1245